| 000 | 00550nam a22002057a 4500 | ||
|---|---|---|---|
| 999 |
_c6336 _d6336 |
||
| 003 | OSt | ||
| 005 | 20190930121936.0 | ||
| 008 | 190930b ||||| |||| 00| 0 eng d | ||
| 020 | _a0673382516 | ||
| 040 | _cDDC | ||
| 082 | _a515 LIA 1989 | ||
| 100 |
_aLial, Margaret, L.; Miller, Charles D. _912963 |
||
| 245 | _aCalculus with Applications | ||
| 250 | _a4th ed. | ||
| 260 |
_aLondon; _bScott, Foresman, _c1989 |
||
| 300 |
_axviii,731p; _bcol.ill: _c24cm |
||
| 504 | _aAnswers, & index included | ||
| 650 |
_aCalculus _9764 |
||
| 942 |
_2lcc _cB_BANK |
||